Statystyki dla Państwa posiadające lotniskowce

Kliknij tutaj aby rozwiązać quiz!

Ogólne statystyki

  • Ten quiz został rozwiązany 134 razy
  • Średni wynik to 8 z 9

Statystyki odpowiedzi

liczbakraj% Poprawnych
11usa
99%
3chiny
98%
2francja
97%
1rosja
96%
2wielka brytania
95%
1hiszpania
88%
2wlochy
86%
2indie
83%
1tajlandia
27%

Rozkład punktacji

Percentyl według liczby udzielonych odpowiedzi

Procent ludzi z każdym wynikiem

Twoja historia wyników

Nie rozwiązałeś tego quizu